An Introduction to Radio Frequency Engineering

Saved in:
Bibliographic Details
Main Author: Coleman, Christopher (Author)
Format: Book
Language:English
Published: Cambridge : Cambridge University Press, 2004
Subjects:
Tags: Add Tag
No Tags, Be the first to tag this record!

MARC

LEADER 00000nam a22000003a 4500
001 stu91425
005 20150617225623.4
008 041110s2004----uk------------------eng-d
020 |a 0-521-83481-3 
040 |a STU  |b slo 
041 0 |a eng 
044 |a uk 
080 |a 621.396 
080 |a 621.396.029 
100 1 |a Coleman, Christopher  |4 aut 
245 1 |a An Introduction to Radio Frequency Engineering 
260 |a Cambridge :  |b Cambridge University Press,  |c 2004 
300 |a 310 s 
650 7 |a Rádioelektronika  |2 stusub 
996 |b 284EK85392  |c E*85392  |l EE10  |s P  |a 0  |w stu91425_0001 
996 |b 284EK85469  |c E*85469  |l EE08  |s P  |a 0  |w stu91425_0002